Kuṇabī of Mahāḍ, (Record no. 79441)

MARC details
000 -LEADER
fixed length control field 00655cam a22002291 4500
001 - CONTROL NUMBER
control field sa 68003384
003 - CONTROL NUMBER IDENTIFIER
control field DLC
005 - DATE AND TIME OF LATEST TRANSACTION
control field 20260227112452.0
008 - FIXED-LENGTH DATA ELEMENTS--GENERAL INFORMATION
fixed length control field 710903s1966 ii 000 0 eng
010 ## - LIBRARY OF CONGRESS CONTROL NUMBER
LC control number sa 68003384
025 ## - OVERSEAS ACQUISITION NUMBER
Overseas acquisition number PL480:I-E-8345
040 ## - CATALOGING SOURCE
Original cataloging agency DLC
Transcribing agency DLC
Modifying agency DLC
050 00 - LIBRARY OF CONGRESS CALL NUMBER
Classification number PK2377
Item number .S8 no. 3
082 00 - DEWEY DECIMAL CLASSIFICATION NUMBER
Classification number 491.4/6
100 1# - MAIN ENTRY--PERSONAL NAME
Personal name Ghatage, A. M.
Fuller form of name (Amrit Madhav),
Dates associated with a name 1913-2003.
245 10 - TITLE STATEMENT
Title Kuṇabī of Mahāḍ,
Statement of responsibility, etc. by A. M. Ghatage.
260 ## - PUBLICATION, DISTRIBUTION, ETC.
Place of publication, distribution, etc. Bombay,
Name of publisher, distributor, etc. State Board for Literature and Culture,
Date of publication, distribution, etc. 1966.
300 ## - PHYSICAL DESCRIPTION
Extent ii, 148 p.
Dimensions 21 cm.
350 ## - PRICE (NR) (BK AM CF MU VM SE) [OBSOLETE]
Price Rs5
440 #2 - SERIES STATEMENT/ADDED ENTRY--TITLE
Title A survey of Marathi dialects,
Volume/sequential designation 3
650 #0 - SUBJECT ADDED ENTRY--TOPICAL TERM
Topical term or geographic name entry element Kuṇabī dialect.

No items available.

Powered by Koha